Statistiques concernant Les noms des établissements scolaires en France - 4

Cliquez ici pour prendre le quiz!

Statistiques générales

  • Ce quiz a été pris 15 fois
  • Le résultat moyen est 9 sur 50

Statistiques - réponses

NombreDatesIndicesNom% Correct
51868-1918Dramaturge - Cyrano de BergeracEdmond {Rostand}
77%
561881-1973Espagnol - Artiste peintre - GuernicaPablo {Picasso}
77%
3311859-1914Professeur - Homme politique - AssassinéJean {Jaurès}
62%
341872-1950Haut-fonctionnaire - Homme politique - Président du gouvernement provisoireLéon {Blum}
62%
81862-1954
1864-1948
Ingénieurs - Industriels - Pionniers du cinémaLouis et Auguste {Lumière}
62%
101863-1937Historien - Baron - Jeux OlympiquesPierre de {Coubertin}
62%
411864-1943Sculptrice - Rodin - La ValseCamille {Claudel}
54%
51868-1955Ecrivain - Le soulier de satin - AcadémicienPaul {Claudel}
54%
71880-1918Poète - CalligrammesGuillaume {Apollinaire}
46%
241875-1837Compositeur - Prix de Rome - BoléroMaurice {Ravel}
46%
101881-1963Angelo Roncalli - Blanc{Jean} XXIII
38%
51864-1910Ecrivain - Poil de carotteJules {Renard}
31%
321862-1932Avocat - Homme politique - Prix Nobel de la PaixAristide {Briand}
23%
501869-1954Artiste peintre - Fauve - Nu bleuHenri {Matisse}
23%
81860-1934Avocat - Président - AcadémicienRaymond {Poincaré}
23%
71873-1954Femme de lettres - Claudine à l'écoleSidonie-Gabrielle dite {Colette}
23%
51869-1951Nobel de Littérature - Les Faux-monnayeursAndré [Gide}
15%
51864-1939Dessinateur - Vache qui ritBenjamin {Rabier}
15%
221862-1918Compositeur - Prix de Rome - Pelléas et MélisandeClaude {Debussy}
15%
61881-1955Artiste peintre - CubisteFernand {Léger}
15%
81872-1936Ingénieur - Pionnier de l'aviation - MancheLouis {Blériot}
15%
91871-1945Ecrivain - La jeune Parque - AcadémicienPaul {Valéry}
15%
711866-1944Ecrivain - Nobel de littérature - Jean-ChristopheRomain {Rolland}
15%
241863-1933Médecin - Institut Pasteur - BCGAlbert {Calmette}
8%
391873-1935Journaliste - Homme politique - Le FeuHenri {Barbusse}
8%
2221872-1946Physicien - Pédagogie - au PanthéonPaul {Langevin}
8%
51880-1961Résistant - SociologueAlbert {Bayet}
0%
201875-1965Médecin - Pasteur - Nobel de la PaixAlbert [Schweitzer}
0%
71861-1955Journaliste - Homme politiqueAlexandre-Marie {Bracke-Desrousseaux}
0%
451873-1914Ecrivain - L'Argent - Mort pour la FranceCharles {Péguy}
0%
561872-1957Professeur - Homme politique - Président du conseilEdouard {Herriot}
0%
61868-1951Philosophe - Propos sur le bonheurEmile Chartier dit {Alain}
0%
281881-1967Physicienne - Union des Femmes françaisesEugènie {Cotton}
0%
51868-1938Ecrivain - Clairières dans le cielFrancis {Jammes}
0%
121867-1936Médecin - Explorateur - Médaillé olympiqueJean-Baptiste {Charcot}
0%
51878-1944Résistant des 2 guerres - Homme politique - DéportéJean-Baptiste {Lebas}
0%
51870-1942Nobel de Physique - Les AtomesJean {Perrin}
0%
51874-1950Poète - La bête du VaccarèsJoseph d'{Arbaud}
0%
51877-1963Historien - ManuelJules {Isaac}
0%
51863-1949Romancier - La MaternelleLéon {Frapié}
0%
81879-1954Nobel de la Paix - SyndicalisteLéon {Jouhaux}
0%
91880-1918Résistane - DéportéeLouise de {Bettignies}
0%
951882-1915Instituteur - Romancier - La guerre des boutonsLouis {Pergaud}
0%
411869-1958Homme politique - L'Humanité - BretonMarcel {Cachin}
0%
51862-1922Avocat - JournalisteMarcel {Sembat}
0%
61870-1942Homme politique - ProfesseurMario {Roustan}
0%
291872-1960Poète - Homme politique - Les Ballades françaisesPaul {Fort}
0%
91869-1927Professeur - Philosophe - La science de l'éducationPaul {Lapie}
0%
141863-1933Mathématicien - Homme politique - Au PanthéonPaul {Painlevé}
0%
151875-1975Femme politique - Membre d'un gouvernement en 1936Suzanne {Lacore}
0%

Distribution des résultats

Percentile par nombre de réponses

% des personnes avec chaque résultat

Votre développement - résultats

Vous n’avez pas pris ce quiz